| 000 | 00576cam a22002053a 4500 | ||
|---|---|---|---|
| 001 | 45353 | ||
| 003 | PGUSA | ||
| 005 | 20140828084040.0 | ||
| 008 | 140409s2014||||xxu|||||s|||||000 | eng d | ||
| 040 |
_aPGUSA _beng |
||
| 042 | _adc | ||
| 100 | 1 | _aBoynton, Percy H. | |
| 245 | 1 | 2 |
_aA History of American Literature _h[electronic resource] / _cPercy H. Boynton |
| 260 |
_bProject Gutenberg, _c2014 |
||
| 506 | _aPublic domain in the USA. | ||
| 516 | _aElectronic text | ||
| 830 | 0 |
_aProject Gutenberg _v45353 |
|
| 856 | 4 | 0 | _uhttp://www.gutenberg.org/ebooks/45353 |
| 942 | _cEB | ||
| 999 |
_c274604 _d274604 |
||